[Event "AUTO-MASTER-290"]
[Site "http://www.queenalice.com/game.php?id=190095"]
[Date "2007.3.31"]
[Round "1"]
[White "Nephi_R"]
[Black "boco"]
[Result "0-1"]
[WhiteElo "2048"]
[BlackElo "2133"]

1. e4 e6 2. d3 d5 3. Nd2 Nf6 4. Ngf3 b6 5. e5 Nfd7 6. d4 c5 7. c3 Nc6 8. Bd3 Be7
9. a3 a5 10. O-O Ba6 11. Bxa6 Rxa6 12. Qe2 Ra8 13. h3 O-O 14. Nb3 a4 15. Nbd2
cxd4 16. cxd4 Na5 17. Rb1 Qc8 18. Qb5 Qc6 19. Qxc6 Nxc6 20. Rd1 Na5 21. Nf1 Nb3
22. Be3 Rac8 23. N1d2 Nxd2 24. Rxd2 Rc4 25. Kf1 Rfc8 26. Ke2 f6 27. Kd3 fxe5 28.
Nxe5 Nxe5+ 29. dxe5 b5 30. Ke2 Re4 31. f4 Bc5 32. Rd3 d4 33. Kf3 Rxe3+ 34. Rxe3
dxe3 35. Rc1 Kf7 36. b4 axb3 0-1

[Event "I'm toast!"]
[Site "http://www.queenalice.com/game.php?id=206292"]
[Date "2007.5.5"]
[Round "-"]
[White "boco"]
[Black "DeepRabbit"]
[Result "0-1"]
[WhiteElo "2162"]
[BlackElo "1830"]

1. d4 g6 2. c4 Bg7 3. e4 d6 4. Nc3 Nf6 5. Nf3 O-O 6. Be2 e5 7. Be3 Ng4 8. Bg5 f6
9. Bc1 Nc6 10. d5 Ne7 11. h3 Nh6 12. h4 Nf7 13. h5 f5 14. hxg6 Nxg6 15. Qc2 f4
16. Bd2 c5 17. O-O-O a6 18. Rh2 Bd7 19. Rdh1 h6 20. g3 Qf6 21. gxf4 Nxf4 22.
Bxf4 Qxf4+ 23. Qd2 b5 24. Qxf4 exf4 25. Rg1 Kh7 26. cxb5 axb5 27. Kb1 Ra5 28.
Rhg2 Bf6 29. Rg6 Ne5 30. Nxe5 Bxe5 31. a3 b4 32. axb4 cxb4 33. Na2 b3 34. Nc3
Rfa8 35. Kc1 Ra1+ 36. Kd2 R1a2 37. Nd1 Bxb2 38. Nxb2 Rxb2+ 39. Kc3 Rc2+ 40. Kxb3
Ba4+ 41. Kb4 Rxe2 42. Rg7+ Kh8 43. R7g6 Rxe4+ 44. Kc3 Rc8+ 45. Kb2 Re2+ 46. Ka3
Bc2 47. Rxh6+ Bh7 48. Rxd6 Rxf2 49. Rf6 Rb8 50. Rh6 Rfb2 51. Rgh1 R8b3+ 0-1

[Event "This is gonna hurt!"]
[Site "http://www.queenalice.com/game.php?id=206293"]
[Date "2007.5.5"]
[Round "-"]
[White "DeepRabbit"]
[Black "boco"]
[Result "1/2-1/2"]
[WhiteElo "1816"]
[BlackElo "2159"]

1. d4 d5 2. c4 c6 3. Nf3 Nf6 4. Nc3 e6 5. Bg5 Nbd7 6. e3 Qa5 7. Nd2 dxc4 8. Bxf6
Nxf6 9. Nxc4 Qc7 10. Be2 Be7 11. O-O O-O 12. Rc1 Rd8 13. Qc2 Bd7 14. Rfd1 c5 15.
dxc5 Bxc5 16. Ne4 Nxe4 17. Qxe4 Bc6 18. Qb1 Rxd1+ 19. Rxd1 Rd8 20. Rxd8+ Qxd8
21. b4 Qg5 22. g3 Be7 23. Na5 Qd5 24. Nxc6 Qxc6 25. h4 g6 26. b5 Qc5 27. Qe4 Qc7
28. Bf3 b6 29. Kg2 h5 30. a4 Kg7 31. Qa8 Bf6 32. Bb7 Bc3 33. Qxa7 Ba5 34. Qa8
Qc4 35. Qb8 Qxa4 36. Qe5+ Kg8 37. Bc6 Qb4 38. Qc7 Qc5 39. Qb7 1/2-1/2

[Event "Challenge"]
[Site "http://www.queenalice.com/game.php?id=224772"]
[Date "2007.6.14"]
[Round "-"]
[White "boco"]
[Black "claudiopsi"]
[Result "1-0"]
[WhiteElo "2151"]
[BlackElo "2053"]

1. d4 Nf6 2. c4 g6 3. Nc3 Bg7 4. e4 d6 5. f3 O-O 6. Be3 e5 7. d5 Nh5 8. Qd2 f5
9. O-O-O f4 10. Bf2 Nd7 11. Kb1 b6 12. Bd3 Nc5 13. Bc2 Bd7 14. Nge2 Bf6 15. g4
Ng7 16. h4 h5 17. g5 Be7 18. Nc1 a5 19. Nd3 a4 20. Nb4 a3 21. b3 Qe8 22. Be1 Kh7
23. Nd3 Nxd3 24. Qxd3 Ra5 25. Nb5 Rxb5 26. cxb5 Bxb5 27. Qc3 Qd7 28. Bd3 Bxd3+
29. Qxd3 Ra8 30. Rc1 Ne8 31. Qc3 Ra5 32. Qc6 Qxc6 33. Rxc6 Rc5 34. Bb4 Rxc6 35.
dxc6 Ng7 36. Bxa3 Ne6 37. Bb2 Nc5 38. Kc2 Kg7 39. b4 Na6 40. Kb3 Kf7 41. a4 Ke8
42. Kc4 Nxb4 43. Kxb4 d5+ 44. Kb5 d4 45. Rd1 1-0

[Event "Challenge"]
[Site "http://www.queenalice.com/game.php?id=244577"]
[Date "2007.7.24"]
[Round "-"]
[White "pickles"]
[Black "boco"]
[Result "1/2-1/2"]
[WhiteElo "2071"]
[BlackElo "2151"]

1. e4 e6 2. d4 d5 3. Nc3 Nf6 4. Bg5 Be7 5. e5 Nfd7 6. Bxe7 Qxe7 7. f4 O-O 8. Nf3
c5 9. dxc5 Nc6 10. Qd2 Nxc5 11. O-O-O a6 12. Qe3 b5 13. f5 Qa7 14. Nd4 Nxd4 15.
Rxd4 exf5 16. Nxd5 Be6 17. Nf6+ gxf6 18. exf6 f4 19. Qxf4 Kh8 20. b4 Rac8 21.
bxc5 Qxc5 22. Bd3 Rg8 23. Qd6 Qc3 24. Kb1 Rxg2 25. Rf1 Bc4 26. Rc1 Rcg8 27. Rh4
Bxd3 28. Qxd3 Qxd3 29. cxd3 Rf2 30. Rh6 a5 31. Rc2 1/2-1/2

[Event "AUTO-ADV-407"]
[Site "http://www.queenalice.com/game.php?id=248140"]
[Date "2007.7.30"]
[Round "2"]
[White "boco"]
[Black "mett"]
[Result "1-0"]
[WhiteElo "2142"]
[BlackElo "1850"]

1. d4 Nf6 2. c4 e6 3. g3 d5 4. Nf3 c5 5. Bg2 Nc6 6. O-O cxd4 7. cxd5 Qxd5 8.
Nxd4 Qc5 9. Nxc6 bxc6 10. Be3 Qb5 11. Nc3 Qa6 12. Rc1 Bd7 13. Qa4 Qxa4 14. Nxa4
Nd5 15. Bd4 f6 16. e4 Ne7 17. Nc5 e5 18. Be3 Nc8 19. Nxd7 Kxd7 20. Bh3+ Kc7 21.
Rfd1 Nb6 22. Rd2 Kb7 23. Rdc2 Rd8 24. Rxc6 Bd6 25. b3 h5 26. Bf5 g5 27. a4 1-0

[Event "AUTO-ADV-407"]
[Site "http://www.queenalice.com/game.php?id=248141"]
[Date "2007.7.30"]
[Round "2"]
[White "mett"]
[Black "boco"]
[Result "0-1"]
[WhiteElo "2024"]
[BlackElo "2154"]

1. e4 e6 2. d3 d5 3. Nd2 Nf6 4. g3 b6 5. Bg2 Bb7 6. Ne2 h5 7. h4 c5 8. O-O Be7
9. e5 Ng4 10. Nf3 Nc6 11. Bf4 d4 12. c3 dxc3 13. bxc3 Qd7 14. Qc2 O-O-O 15. Rfd1
Qc7 16. d4 Na5 17. c4 cxd4 18. Nexd4 Bc5 19. Nb5 Bxf2+ 20. Qxf2 Nxf2 21. Nxc7
Rxd1+ 22. Rxd1 Nxd1 0-1

[Event "AUTO-ADV-407"]
[Site "http://www.queenalice.com/game.php?id=248142"]
[Date "2007.7.30"]
[Round "2"]
[White "boco"]
[Black "ravague"]
[Result "1-0"]
[WhiteElo "2152"]
[BlackElo "1807"]

1. d4 d5 2. c4 dxc4 3. Nf3 e6 4. e3 c5 5. Bxc4 cxd4 6. Qxd4 Qxd4 7. exd4 Nc6 8.
Nc3 Nf6 9. Bg5 Be7 10. O-O-O O-O 11. Rhe1 h6 12. Bxf6 Bxf6 13. d5 exd5 14. Nxd5
Bd8 15. Re4 Be6 16. Ne3 Bxc4 17. Nxc4 Bf6 18. Ne3 Rac8 19. Kb1 g6 20. Rd7 b5 21.
Nd5 Bd8 22. Ne5 Bg5 23. Nxc6 Rxc6 24. f4 Bd8 25. Rxd8 1-0

[Event "AUTO-ADV-407"]
[Site "http://www.queenalice.com/game.php?id=248143"]
[Date "2007.7.30"]
[Round "2"]
[White "ravague"]
[Black "boco"]
[Result "0-1"]
[WhiteElo "1809"]
[BlackElo "2149"]

1. e4 e6 2. f4 d5 3. exd5 exd5 4. Nf3 Bd6 5. d4 Nf6 6. Bd3 O-O 7. O-O Nc6 8. Nc3
Nb4 9. Ng5 Bg4 10. Bxh7+ Kh8 11. Nf3 Kxh7 12. a3 Nc6 13. Nxd5 Nxd5 14. Ng5+ Qxg5
0-1

[Event "AUTO-ADV-407"]
[Site "http://www.queenalice.com/game.php?id=248144"]
[Date "2007.7.30"]
[Round "2"]
[White "boco"]
[Black "Lima7"]
[Result "1-0"]
[WhiteElo "2148"]
[BlackElo "1902"]

1. d4 d5 2. c4 c6 3. Nf3 Nf6 4. Qc2 e6 5. g3 Be7 6. Bg2 Nbd7 7. O-O O-O 8. Nbd2
dxc4 9. Nxc4 Nb6 10. Nce5 Nbd7 11. Nxd7 Bxd7 12. Ne5 Qb6 13. Be3 Rfd8 14. Nxd7
Rxd7 15. d5 c5 16. dxe6 Qxe6 17. Rfd1 Rad8 18. Rxd7 Qxd7 19. Rc1 b6 20. h3 Qe6
21. a3 Nd5 22. Bd2 Nc7 23. Be1 Bf6 24. e3 Qd6 25. b4 Ne6 26. bxc5 Qxc5 27. Bb4
Qxc2 28. Rxc2 a5 29. Bd2 Be7 30. a4 Nc5 31. Bc6 Nd3 32. Bb5 Bf6 33. Bxd3 Rxd3
34. Rc8+ Rd8 35. Rxd8+ Bxd8 36. Bc3 Kf8 37. Kf1 g6 38. Ke2 Ke7 39. Bd4 Ke6 40.
Kd3 Kd5 41. e4+ Kc6 42. Kc4 Be7 43. f4 Bb4 44. g4 Be7 45. Bg7 Bc5 46. Bf6 Bb4
47. f5 Bc5 48. fxg6 hxg6 49. h4 Bf8 50. h5 gxh5 51. gxh5 Bh6 52. Bd4 Bg5 53. Bg7
1-0

[Event "AUTO-ADV-407"]
[Site "http://www.queenalice.com/game.php?id=248145"]
[Date "2007.7.30"]
[Round "2"]
[White "Lima7"]
[Black "boco"]
[Result "1-0"]
[WhiteElo "1874"]
[BlackElo "2178"]

1. e4 e6 2. d4 d5 3. Nd2 Nc6 4. Ngf3 Nf6 5. e5 Nd7 6. Nb3 Be7 7. Bb5 O-O 8. O-O
f5 9. a4 a6 10. Bxc6 bxc6 11. Na5 c5 12. Re1 Qe8 13. Nc6 Bb7 14. Nxe7+ Qxe7 15.
Bg5 Qf7 16. c3 cxd4 17. cxd4 c5 18. Rc1 c4 19. Bd2 h6 20. b3 Rfc8 21. a5 Nf8 22.
Re3 Rc6 23. Bb4 Ng6 24. g3 f4 25. Rec3 Rac8 26. g4 cxb3 27. Bc5 b2 28. R1c2 R6c7
29. Qb1 Rb8 30. Rxb2 Ne7 31. Rcb3 Nc6 32. Bd6 Nxa5 33. Bxc7 Qxc7 34. Rb6 Qc3 35.
Kg2 Qc7 36. R2b4 Qd7 37. h4 Qe8 38. h5 Qd7 39. Nh4 1-0

[Event "AUTO-ADV-413"]
[Site "http://www.queenalice.com/game.php?id=248975"]
[Date "2007.8.1"]
[Round "2"]
[White "me"]
[Black "boco"]
[Result "0-1"]
[WhiteElo "2059"]
[BlackElo "2154"]

1. d4 e6 2. c4 d5 3. Nc3 Nf6 4. cxd5 exd5 5. Bg5 Be7 6. e3 c6 7. Bd3 O-O 8. Bxf6
Bxf6 9. Qc2 g6 10. Nge2 Na6 11. a3 Nc7 12. O-O Re8 13. Rad1 Bg4 14. f3 Bd7 15.
e4 Bg7 16. e5 c5 17. dxc5 Bxe5 18. b4 d4 19. Ne4 Nd5 0-1

[Event "AUTO-ADV-413"]
[Site "http://www.queenalice.com/game.php?id=248976"]
[Date "2007.8.1"]
[Round "2"]
[White "boco"]
[Black "me"]
[Result "1-0"]
[WhiteElo "2145"]
[BlackElo "2042"]

1. d4 Nf6 2. c4 g6 3. Nc3 d5 4. Bf4 Bg7 5. e3 O-O 6. Rc1 c6 7. Nf3 Bg4 8. h3 Bf5
9. Qb3 Qa5 10. Qxb7 Qb6 11. Qxb6 axb6 12. cxd5 Nxd5 13. Nxd5 cxd5 14. a3 Rc8 15.
Rxc8+ Bxc8 16. Bb5 Ra5 17. a4 Ba6 18. b4 Rxb5 19. axb5 Bxb5 20. Bxb8 1-0

[Event "AUTO-MASTER-290"]
[Site "http://www.queenalice.com/game.php?id=249392"]
[Date "2007.8.1"]
[Round "2"]
[White "Rassend"]
[Black "boco"]
[Result "1-0"]
[WhiteElo "2255"]
[BlackElo "2188"]

1. e4 e6 2. d4 d5 3. e5 c5 4. c3 Qb6 5. Nf3 Nc6 6. a3 Nh6 7. b4 cxd4 8. b5 Na5
9. Bxh6 gxh6 10. cxd4 Bg7 11. Bd3 Bd7 12. a4 Rc8 13. O-O O-O 14. Nbd2 Rc3 15.
Qb1 Rfc8 16. Bxh7+ Kh8 17. Rd1 Bf8 18. Bd3 Be7 19. Bf1 Kg7 20. Re1 Qd8 21. Be2
Ba3 22. Nf1 Rb3 23. Qd1 Bb4 24. N1d2 Rbc3 25. Ra2 Qc7 26. Qb1 Ba3 27. Nf1 Rb3
28. Qd1 Bb4 29. N3d2 Rc3 30. Bh5 Qd8 31. Qb1 Be7 32. Ng3 Qg8 33. Ne2 R3c7 34. b6
axb6 35. Qxb6 Bd8 36. Qb1 Be7 37. h3 Kh8 38. Bg4 Nc6 39. Nf1 Qh7 40. Ne3 Qxb1
41. Rxb1 Ra8 42. Raa1 Na5 43. Nf4 Bc6 44. Bf3 Rcc8 45. g3 Ra7 46. Bg4 Rg8 47.
Be2 Bg5 48. Nfg2 Rga8 49. Bh5 Kg7 50. f4 Be7 51. h4 Nc4 52. f5 f6 53. fxe6 fxe5
54. Rf1 Kg8 55. Rf7 Bb4 56. Ng4 b6 57. Raf1 Bxa4 58. R1f6 1-0

[Event "AUTO-MASTER-290"]
[Site "http://www.queenalice.com/game.php?id=249393"]
[Date "2007.8.1"]
[Round "2"]
[White "boco"]
[Black "Rassend"]
[Result "1/2-1/2"]
[WhiteElo "2171"]
[BlackElo "2253"]

1. d4 Nf6 2. c4 e6 3. g3 c5 4. Nf3 cxd4 5. Nxd4 d5 6. Bg2 dxc4 7. Qa4+ Nbd7 8.
O-O Be7 9. Qxc4 Nb6 10. Qd3 O-O 11. Nc3 e5 12. Nf5 Bb4 13. Qc2 Qc7 14. Bg5 Nfd5
15. Rac1 Nxc3 16. bxc3 Ba3 17. Rb1 Be6 18. Rfd1 Rac8 19. Qe4 f6 20. Bc1 Bc5 21.
Bd2 Bxa2 22. Ra1 Bd5 23. Qg4 Bxg2 24. Kxg2 a6 25. Bh6 Rf7 26. Rd3 Kh8 27. Be3 g6
28. Bxc5 gxf5 29. Qh5 Nc4 30. Rad1 Rg8 31. Bd6 Qc6+ 32. Kg1 Kg7 33. Bb4 a5 34.
Qxf5 axb4 35. Rd8 Rxd8 36. Qg4+ Kf8 37. Rxd8+ Ke7 38. Rc8 h5 39. Qxc4 Qxc4 40.
Rxc4 bxc3 41. Rxc3 Kd6 42. e4 b5 43. Kf1 b4 44. Rc1 Ra7 45. Ke2 Ra2+ 46. Ke3
Ra3+ 47. Kd2 Rb3 48. Rc4 Kd7 49. h3 Kd6 50. Ke2 Rb2+ 1/2-1/2

[Event "AUTO-MASTER-290"]
[Site "http://www.queenalice.com/game.php?id=249394"]
[Date "2007.8.1"]
[Round "2"]
[White "muttleychess"]
[Black "boco"]
[Result "1-0"]
[WhiteElo "2261"]
[BlackElo "2157"]

1. e4 e6 2. d4 d5 3. e5 c5 4. c3 Qb6 5. Nf3 Nc6 6. a3 Nh6 7. b4 cxd4 8. Bxh6
gxh6 9. cxd4 Bd7 10. Be2 Rc8 11. O-O Bg7 12. b5 Na5 13. a4 O-O 14. Nbd2 f6 15.
Rc1 fxe5 16. dxe5 Rxc1 17. Qxc1 Rf4 18. Qc2 Bf8 19. Bd3 Rf7 20. Qc3 Rf4 21. Rc1
Rxa4 22. Qc2 Rg4 23. Bxh7+ Kh8 24. Bd3 Ba3 25. Qc7 Qxc7 26. Rxc7 Rg7 27. Nd4 Bb4
28. N2f3 Kg8 29. Nc2 Bf8 30. Nfd4 b6 31. Rxa7 Bc5 32. g3 Rf7 33. Kg2 Re7 34. Be2
Rf7 35. f4 Re7 36. Bf3 Nc4 37. Bg4 Kf8 38. Rxd7 1-0

[Event "AUTO-MASTER-290"]
[Site "http://www.queenalice.com/game.php?id=249395"]
[Date "2007.8.1"]
[Round "2"]
[White "boco"]
[Black "muttleychess"]
[Result "0-1"]
[WhiteElo "2153"]
[BlackElo "2291"]

1. d4 d5 2. c4 c6 3. Nf3 Nf6 4. Qc2 g6 5. Bf4 Na6 6. Nbd2 Bg7 7. e3 O-O 8. c5
Nc7 9. a4 a5 10. Be2 Ne6 11. Bg3 b6 12. cxb6 Qxb6 13. O-O c5 14. dxc5 Nxc5 15.
Rfc1 Nfe4 16. Bb5 Bf5 17. Nxe4 Nxe4 18. Bc7 Qa7 19. Qb3 Rac8 20. Be5 Nd2 21.
Nxd2 Bxe5 22. Nf3 Bg7 23. Qxd5 Bxb2 24. Rxc8 Rxc8 25. Rd1 e6 26. Qa2 Bf6 27. Ne1
Be4 28. Qd2 Qb6 29. Nd3 Kg7 30. Rc1 Rd8 31. Qc2 e5 32. Qe2 Qd6 33. Nc5 Rc8 34.
Nb3 Rxc1+ 35. Nxc1 Qb4 36. Nd3 Qb1+ 37. Qf1 Qc2 38. Ne1 Qc3 39. Nf3 Bd5 40. Qd1
Bb3 41. Qe1 Qxe1+ 42. Nxe1 e4 43. f3 Bc3 44. Kf2 f5 45. g4 fxg4 46. fxg4 Kf6 47.
Ng2 g5 48. Ke2 h6 49. Ne1 Ke5 50. Bc6 Bc4+ 51. Kf2 Bd5 52. Bb5 Kd6 53. Nc2 Kc5
54. Bd7 Bb3 55. Ne1 Kb4 0-1

[Event "AUTO-ADV-416"]
[Site "http://www.queenalice.com/game.php?id=280052"]
[Date "2007.10.2"]
[Round "2"]
[White "Mick_Gray"]
[Black "boco"]
[Result "0-1"]
[WhiteElo "1744"]
[BlackElo "2170"]

1. e4 e6 2. c4 d5 3. exd5 exd5 4. d4 Nf6 5. Nf3 Bb4+ 6. Bd2 Bxd2+ 7. Nbxd2 O-O
8. cxd5 Nxd5 9. Bc4 Re8+ 10. Be2 Nd7 11. O-O N7b6 12. Nc4 Nf4 13. Bd3 Bg4 14.
Nce5 Rxe5 15. dxe5 Qxd3 16. Qxd3 Nxd3 17. b3 Bxf3 18. gxf3 Nxe5 19. Kg2 Nd5 20.
Rfe1 Nd3 21. Red1 N5f4+ 22. Kg3 Re8 23. Rd2 g5 24. h4 f6 25. hxg5 fxg5 26. a4 h5
27. Rad1 Ne5 28. Rd8 Kf8 29. b4 Ke7 30. Rxe8+ Kxe8 31. Re1 h4+ 32. Kh2 Nd3 33.
Re4 Kf7 34. b5 Kf6 35. a5 Nxf3+ 36. Kg2 h3+ 37. Kg3 h2 38. Kg2 h1=Q+ 39. Kxh1
Nxf2+ 0-1

[Event "AUTO-ADV-416"]
[Site "http://www.queenalice.com/game.php?id=280053"]
[Date "2007.10.2"]
[Round "2"]
[White "boco"]
[Black "Mick_Gray"]
[Result "1-0"]
[WhiteElo "2169"]
[BlackElo "1762"]

1. d4 Nf6 2. c4 g6 3. Nc3 Bg7 4. e4 d6 5. Nf3 O-O 6. Be2 c5 7. Be3 Nc6 8. d5 Nd4
9. Nxd4 cxd4 10. Bxd4 e5 11. Be3 Bd7 12. Qd2 Rc8 13. Bxa7 Ng4 14. Bxg4 Bxg4 15.
b3 f5 16. f3 Bh5 17. Na4 Rc7 18. Bb6 fxe4 19. Bxc7 Qxc7 20. g4 exf3 21. gxh5 e4
22. Rd1 Qe7 23. Qe3 Qh4+ 24. Kd2 Rf5 25. Nc3 Rxh5 26. Kc2 Bh6 27. Qb6 e3 28.
Qxd6 e2 29. Qe6+ Kf8 30. Nxe2 Qf2 31. Rhf1 Qxe2+ 32. Qxe2 1-0

[Event "AUTO-ADV-416"]
[Site "http://www.queenalice.com/game.php?id=280054"]
[Date "2007.10.2"]
[Round "2"]
[White "mafbueno"]
[Black "boco"]
[Result "0-1"]
[WhiteElo "1862"]
[BlackElo "2166"]

1. d4 d5 2. Nf3 Nf6 3. Bf4 c6 4. Nbd2 Bf5 5. h3 Nbd7 6. e3 e6 7. Bd3 Bxd3 8.
cxd3 Be7 9. O-O Nh5 10. Bh2 O-O 11. Ne5 Nxe5 12. dxe5 g6 13. g4 Ng7 14. f4 Qb6
15. d4 Bh4 16. Qb3 Rfc8 17. Qxb6 axb6 18. Nf3 Be7 19. a3 c5 20. f5 exf5 21. gxf5
Nxf5 22. Rae1 b5 23. e4 dxe4 24. Rxe4 cxd4 25. Nxd4 Nxd4 26. Rxd4 Bc5 27. Rd1
Rd8 28. Kg2 Rxd4 29. Rxd4 Bxd4 0-1

[Event "AUTO-ADV-416"]
[Site "http://www.queenalice.com/game.php?id=280055"]
[Date "2007.10.2"]
[Round "2"]
[White "boco"]
[Black "mafbueno"]
[Result "1-0"]
[WhiteElo "2163"]
[BlackElo "1875"]

1. d4 d5 2. c4 c6 3. Nf3 Nf6 4. Qc2 g6 5. g3 Bf5 6. Qb3 Qb6 7. Nc3 Qxb3 8. axb3
Nbd7 9. Bg2 e6 10. Bf4 Bg7 11. O-O O-O 12. Nh4 Bc2 13. Ra3 h6 14. Nf3 Nh5 15.
Be3 b6 16. Ne1 Bf5 17. h3 Nhf6 18. g4 Be4 19. f3 Bxf3 20. Nxf3 Ne4 21. Nxe4 dxe4
22. Nd2 f5 23. Rfa1 c5 24. Rxa7 Rxa7 25. Rxa7 cxd4 26. Rxd7 dxe3 27. Nf1 Bxb2
28. Rd6 e5 29. Rxg6+ Kh7 30. gxf5 1-0